The good life rules : 8 keys to being your best at work and at play
| Main Author: | |
|---|---|
| Format: | Book |
| Published: |
New York :
McGraw Hill ,
2009
|
| Subjects: |
MARC
| LEADER | 00000cam a2200000 7i4500 | ||
|---|---|---|---|
| 001 | 0000133506 | ||
| 005 | 20091001.0 | ||
| 020 | |a 0071508384 | ||
| 020 | |a 9780071508384 | ||
| 090 | 0 | 0 | |a 158 |b DOD |
| 100 | 1 | |a Dodge, Bryan | |
| 245 | 1 | 4 | |a The good life rules : |b 8 keys to being your best at work and at play |c Bryan Dodge |
| 260 | |a New York : |b McGraw Hill , |c 2009 | ||
| 300 | |a 188p. ; |c 21cm. | ||
| 650 | 0 | 0 | |a Success |x Psychological aspects |
| 999 | |a 00228251 |b BUKU |c PINJAMAN |e PERPUSTAKAAN KOMUNITI PETALING JAYA | ||